Existe uma cidade brasileira com este nome? - Statistics

Estatísticas Gerais
  • Esse quiz foi jogado 190 vezes
  • A pontuação média é 8 de 16
Estatísticas das Respostas
Questão Resposta % Correto
Tarumã Existe
81%
Nova Iorque Existe
77%
Não-Me-Toque Existe
77%
Sulândia Não existe
71%
São Miguel do Gostoso Existe
65%
Santa Maria Madalena Existe
65%
Presidente Collor Não existe
65%
Igreja Não existe
65%
Canhotinho Existe
52%
Guarânia Não existe
45%
Cidade Gaúcha Existe
42%
Olindópolis Não existe
42%
Lagoa da Confusão Existe
39%
Tucuruvi Não existe
19%
São José dos Montes Não existe
10%
Campina do Bom Jesus Não existe
10%
Nenhum quiz correspondente encontrado
Distribuição das Pontuações
Porcentagem de Pessoas com Cada Pontuação
Percentil de Números Respondidos
Sua Pontuação Histórica
Você não jogou esse quiz